Basic complex analysis /
Guardado en:
| Autor Principal: | |
|---|---|
| Otros Autores: | |
| Formato: | Libro |
| Idioma: | English |
| Publicado: |
New York, N.Y. :
W. H. Freeman,
c1987.
|
| Edición: | 2nd ed. |
| Materias: | |
| Etiquetas: |
Agregar Etiqueta
Sin Etiquetas, Sea el primero en etiquetar este registro!
|
| LEADER | 00665pam a2200217 a 4500 | ||
|---|---|---|---|
| 001 | MAT.inmabb003452 | ||
| 008 | 860711s1987####nyua##########001#0#eng## | ||
| 005 | 20130307183158.0 | ||
| 245 | 1 | 0 | |a Basic complex analysis / |c Jerrold E. Marsden, Michael J. Hoffman. |
| 250 | |a 2nd ed. | ||
| 260 | |a New York, N.Y. : |b W. H. Freeman, |c c1987. | ||
| 300 | |a xii, 604 p. : |b il. ; |c 24 cm. | ||
| 510 | 4 | |a MR, |c 88m:30001 | |
| 020 | |a 0716718146 | ||
| 100 | 1 | |a Marsden, Jerrold E. | |
| 700 | 1 | |a Hoffman, Michael J. | |
| 650 | 0 | |a Functions of complex variables. | |
| 084 | |a 30-01 |2 msc2000 | ||
| 010 | |a 86018413 | ||
| 040 | |a DLC |c DLC |d DLC | ||
| 859 | |h 30 |i M364-2 |p A-6811 |b BIB. MATEMATICA | ||
